000 00692cad a22002175a 4500
001 L157335
008 121023s2012 xxkqr p 0 a0eng u
035 _a(Sirsi) u157335
041 0 _aeng
100 1 _aSmyth, Brendan
110 2 _aCalvert Solicitors
245 0 0 _aBuilding information modelling ("BIM")
_h[electronic resource]
260 _aLondon
_bCalvert Solicitors
_c2012
520 _aA snapshot look at BIM.
590 _aKA
651 4 _aUnited Kingdom
_y
690 _aBIM
_96219
690 _aContracts
_96232
856 4 0 _uhttps://www.calvertsolicitors.co.uk/2012/08/building-information-modelling-bim/
_zView the item free here www.calvertsolicitors.co.uk
942 _n0
999 _c114729
_d114729